Statistics for Disturbing Movies by IMDb description

Click here to take the quiz!

General Stats

  • This quiz has been taken 190 times
    (186 since last reset)
  • The average score is 4 of 8

Answer Stats

HintAnswer% Correct
Inspired by the fictional Dr. Heiter, disturbed loner Martin dreams of creating a 12-person centipede and sets out to realize his sick fantasy.The Human Centipede II
94%
An aging porn star agrees to participate in an "art film" in order to make a clean break from the business, only to discover that he has been drafted into making a pedophilia and necrophilia themed snuff film.A Serbian FIlm
60%
A New York University professor returns from a rescue mission to the Amazon rainforest with the footage shot by a lost team of documentarians who were making a film about the area's local cannibal tribes.Cannibal Holocaust
58%
Four fascist libertines round up 9 teenages boys and girls and subject them to 120 days of physical, mental and sexual torture.Salò
53%
Two psychotic young men take a mother, father, and son hostage in their vacation cabin and force them to play sadistic "games" with one another for their own amusement.Funny Games
46%
A widower takes an offer to screen girls at a special audition, arranged for him by a friend to find him a new wife. The one he fancies is not who she appears to be after all.Audition
35%
A young woman's quest for revenge against the people who kidnapped and tormented her as a child leads her and a friend, who is also a victim of child abuse, on a terrifying journey into a living hell of depravity.Martyrs
33%
Four months after the death of her husband, a woman on the brink of motherhood is tormented in her home by a strange woman who wants her unborn baby.Inside
19%

Score Distribution

Percentile by Number Answered

Percent of People with Each Score

Your Score History

You have not taken this quiz since the last reset